00337nam a2200121Ia 4500003000400000008004100004040001600045082001800061100002100079245004300100260003900143650003300182GCL140319s9999 xx 000 0 eng d aGCL / cGCL04a791.4301bE C1 aEASTHAPE, ANTONY10aCONTEMPORARY FILM / cEASTHAPE, ANTONY a[S.N] : bLONOFMUN GRAUP ، c199304aMOTION PICTURES - PHILOSOPHY